Zoologia
| Previous Title: | Revista brasileira de zoologia (Online) |
|---|---|
| Corporate Author: | |
| Format: | Electronic Journal |
| Language: | English Portuguese |
| Published: |
Curitiba, PR, Brasil :
Sociedade Brasileira de Zoologia,
[2009]-
Sofia, Bulgaria : Pensoft |
| Subjects: | |
| Online Access: | Full text available from Research Library: 09/01/2009 to present |
MARC
| LEADER | 00000nas a2200000 i 4500 | ||
|---|---|---|---|
| 001 | ssj0068737 | ||
| 003 | WaSeSS | ||
| 005 | 20200512172242.0 | ||
| 006 | m d | ||
| 007 | cr n | ||
| 008 | 090426c20099999bu ar p s 0 0eng d | ||
| 010 | |a 2017208500 | ||
| 016 | 7 | |a 2505776-5 |2 DE-600 | |
| 016 | 7 | |a 101508144 |2 DNLM | |
| 022 | |a 1984-4689 |l 1984-4670 |y 1984-4670 | ||
| 035 | |a (WaSeSS)ssj0068737 | ||
| 040 | |a LGG |b eng |c LGG |d HEBIS |d OCL |d OCLCQ |d CUS |d OCLCO |d OCLCF |d OCLCQ |d OCLCO |d OCLCQ |d Z5A |d DLC |d AUD |d U3W |d OCLCO |d OCLCA |d VT2 |d OCLCO |d OCLCQ |d OCLCO |d OCLCA |d UOK |d AU@ |d OCLCO |d WYU |d OCLCO |d OCLCA |d YOU |d OCLCO |d WURST |d OCLCA |d WaSeSS | ||
| 041 | 0 | |a por |a eng | |
| 042 | |a lccopycat | ||
| 043 | |a s-bl--- | ||
| 050 | 0 | 0 | |a QL242 |
| 060 | 0 | 0 | |a W1 |b RE346J |
| 082 | 1 | 4 | |a [E] |
| 130 | 0 | |a Zoologia (Curitiba, Brazil) | |
| 245 | 1 | 0 | |a Zoologia |h [electronic resource]. |
| 260 | |a Curitiba, PR, Brasil : |b Sociedade Brasileira de Zoologia, |c [2009]- | ||
| 260 | |3 <2017-> : |b Sofia, Bulgaria : |b Pensoft | ||
| 310 | |a Annual? |b 2017- | ||
| 321 | |a Quarterly | ||
| 362 | 0 | |a 26 (1) (Mar. 2009)- | |
| 506 | |a License restrictions may limit access. | ||
| 538 | |a Mode of access: World Wide Web. | ||
| 546 | |a Articles in English or Portuguese. | ||
| 588 | |a Description based on: 26 (1) (Mar. 2009). | ||
| 588 | |a Latest issue consulted: 34 (2017) (Pensoft, viewed October 26, 2017). | ||
| 650 | 0 | |a Zoology |z Brazil |v Periodicals. | |
| 650 | 0 | |a Zoology |v Periodicals. | |
| 650 | 2 | |a Zoology. | |
| 650 | 2 | |a Animal Population Groups. | |
| 650 | 7 | |a Zoology. |2 fast |0 (OCoLC)fst01184696 | |
| 651 | 2 | |a Brazil. | |
| 651 | 7 | |a Brazil. |2 fast |0 (OCoLC)fst01206830 | |
| 653 | 0 | 0 | |a zoology |
| 653 | 1 | 0 | |a Zoology (General) |
| 653 | 2 | 0 | |a Biology of Animal Taxonomic Groups (General) |
| 653 | 2 | 0 | |a Biologie van diertaxonomische groepen (algemeen) |
| 655 | 0 | |a Electronic journals. | |
| 710 | 2 | |a Sociedade Brasileira de Zoologia. | |
| 776 | 0 | 8 | |i Print version: |t Zoologia (Curitiba, Brazil) |x 1984-4670 |w (DLC) 2009243398 |w (OCoLC)319343357 |
| 780 | 0 | 0 | |t Revista brasileira de zoologia (Online) |w (OCoLC)54001812 |
| 850 | |a DLC | ||
| 856 | 4 | 0 | |z Full text available from Research Library: 09/01/2009 to present |u https://search.proquest.com/publication/1766337 |